Normal view MARC view
  • Ch ,M Fausz Naeem

Entry Personal Name

Number of records used in: 1

001 - CONTROL NUMBER

  • control field: 121715

003 - CONTROL NUMBER IDENTIFIER

  • control field: NUST

005 - DATE AND TIME OF LATEST TRANSACTION

  • control field: 20240301101724.0

008 - FIXED-LENGTH DATA ELEMENTS

  • fixed length control field: 240301|| aca||aabn | a|a d

040 ## - CATALOGING SOURCE

  • Original cataloging agency: NUST
  • Transcribing agency: NUST

100 ## - HEADING--PERSONAL NAME

  • Personal name: Ch ,M Fausz Naeem

670 ## - SOURCE DATA FOUND

  • Source citation: Work cat.: (NUST): Ch ,M Fausz Naeem , EFFECT OF CARBON FIBRE ON REINFORCEMENT OF THERMOPLASTICS USING FDM AND RSM /
© 2023 Central Library, National University of Sciences and Technology. All Rights Reserved.